000 00782nam a2200217Ia 4500
003 GCL
008 140319s9999 xx 000 0 ara d
020 _a8298009957
040 _aGCL /
_cGCL
082 0 4 _a658.9136211
_bس ا
100 1 _aسليم بطرس جلدة
245 1 0 _aادارة المستشفيات والمراكز الصحية :
_bMANAGING HOSPITALS & HEALTH CENTERS /
_cسليم بطرس جلدة
250 _aالاولى
260 _aالاردن :
_bدار الشروق للنشر والتوزيع ،
_c2007
300 _a247 ص ؛
_c24 سم
650 0 4 _aالمراكز الطبية
650 0 4 _aالمستشفيات - ادارة
650 0 4 _aالمستشفيات - الاردن
650 0 4 _aالمستشفيات - تاريخ
942 _2ddc
_cBK
999 _c10140
_d10140